000 00621nam a22002417a 4500
003 LK-CoDNM
005 20241004112435.0
008 241004b |||||||| |||| 00| 0 eng d
040 _aLK-CoDNM
_dLK-CoDNM
_eLK-CoDNM
041 _aeng
080 _a105
_bA18
100 _aBohoda, R.
245 _aA Buddhist view of life
250 _aA practical guide for living
260 _aColombo
_bGovernment printer
_c1995
300 _b53p. ; 20 cm
650 _aA Buddhist view of life
650 _aBohoda, R.
650 _aA practical guide for living
650 _aBuddhist
650 _a105 A18
942 _cBK
999 _c217633
_d217633